Transmisión de Internet por medio de microondas

Guardado en:
Bibliografiske detaljer
Hovedforfatter: Blanco Rojas, Jorge Elesbaan
Format: Bog
Udgivet: [San José, Costa Rica] 2007
Fag:
Tags: Tilføj Tag
Ingen Tags, Vær først til at tagge denne postø!

MARC

LEADER 00000nam a2200000Ia 4500
003 009961
005 20221231144107.0
008 140114s2007 cr a 000 ||s d
040 |c cru CEDI 
090 |a TFG 5490 
100 |a Blanco Rojas, Jorge Elesbaan   |9 4781 
245 |a  Transmisión de Internet por medio de microondas 
260 |c 2007  |b [San José, Costa Rica] 
300 |a xi, 118 hojas; ilustraciones (algunas a color), 1 mapa 
500 |a Proyecto de graduación (bachillerato en ingeniería eléctrica)--Universidad de Costa Rica. Facultad de Ingeniería. Escuela de Ingeniería Eléctrica 
650 |z INTERNET  |9 4782 
942 |c TFG 
999 |c 16784  |d 16784